000 00296nam a22001337a 4500
008 190227b xxu||||| |||| 00| 0 eng d
020 _a9780130932914
041 _aeng
080 _a321
100 _a19
101 _aSHP
245 _aDiversity Amid Globalization
_cRowntree
942 _2udc
_cBK
999 _c54357
_d54357